| 000 | 00381nam a2200145 a 4500 | ||
|---|---|---|---|
| 001 | 1092 | ||
| 003 | CDMR | ||
| 005 | 20130116135200.0 | ||
| 008 | 130130s1996||||||||||||||||||||||||||||d | ||
| 040 |
_aCDMR _bcat _cCPC LLEIDA |
||
| 100 | 1 |
_aCasanovas Ariche, Carme _9859 |
|
| 245 | 1 | 3 |
_aEl sol d'hivern _cCASANOVAS ARICHE, Carme |
| 260 |
_aLleida _c1996 _bUniversitat de Lleida |
||
| 942 | _cMON | ||
| 999 |
_c1092 _d1092 |
||